| 000 | 00586cam a2200193 4500500 | ||
|---|---|---|---|
| 005 | 20260405002311.0 | ||
| 041 | _afre | ||
| 042 | _adc | ||
| 100 | 1 | 0 |
_aBlondé, Paul _eauthor |
| 245 | 0 | 0 | _aÀ Saillans, l’important, c’est de participer |
| 260 | _c2016. | ||
| 500 | _a33 | ||
| 690 | _aDémocratie | ||
| 690 | _aGouvernement | ||
| 690 | _aPolitique | ||
| 690 | _aSaillans | ||
| 786 | 0 | _nPhilosophie magazine | 104 | 11 | 2016-11-01 | p. 23-24 | 1951-1787 | |
| 856 | 4 | 1 | _uhttps://shs.cairn.info/magazine-philosophie-magazine-2016-11-page-23?lang=fr&redirect-ssocas=7080 |
| 999 |
_c2056396 _d2056396 |
||